| 000 | 00448nam a22001577a 4500 | ||
|---|---|---|---|
| 020 | _a9789813158986 | ||
| 040 | _cNUST | ||
| 082 | _a621.815 SHI | ||
| 100 |
_aBudynas, Richard G. _940770 |
||
| 110 |
_aNisbett, J. Keith Shigley, Joseph Edward _9110346 |
||
| 245 | _aShigley's Mechanical Engineering Design | ||
| 250 | _aEleventh Edition in SI units | ||
| 260 |
_aNew York: _bMcGraw-Hill, _c2021. |
||
| 650 | _aMachine Design | ||
| 942 |
_2ddc _cBK |
||
| 999 |
_c593760 _d593760 |
||